Pañjābu kēsari Lālā Lajapatirāy. (Record no. 88376)
[ view plain ]
| 000 -LEADER | |
|---|---|
| fixed length control field | 00650cam a22002411 4500 |
| 001 - CONTROL NUMBER | |
| control field | sa 68018391 |
| 003 - CONTROL NUMBER IDENTIFIER | |
| control field | DLC |
| 005 - DATE AND TIME OF LATEST TRANSACTION | |
| control field | 20260227112711.0 |
| 008 - FIXED-LENGTH DATA ELEMENTS--GENERAL INFORMATION | |
| fixed length control field | 940711s1968 ii b 000 0 telo |
| 010 ## - LIBRARY OF CONGRESS CONTROL NUMBER | |
| LC control number | sa 68018391 |
| 025 ## - OVERSEAS ACQUISITION NUMBER | |
| Overseas acquisition number | PL480:I-Te-1847 |
| 035 ## - SYSTEM CONTROL NUMBER | |
| System control number | (OCoLC)30748214 |
| 040 ## - CATALOGING SOURCE | |
| Original cataloging agency | DLC |
| Transcribing agency | CU |
| Modifying agency | CU |
| -- | DLC |
| 042 ## - AUTHENTICATION CODE | |
| Authentication code | premarc |
| 050 00 - LIBRARY OF CONGRESS CALL NUMBER | |
| Classification number | DS479.1.L27 |
| Item number | V45 |
| 100 2# - MAIN ENTRY--PERSONAL NAME | |
| Personal name | Venkata Subbayya, Gorrepati, |
| Dates associated with a name | 1898- |
| 245 10 - TITLE STATEMENT | |
| Title | Pañjābu kēsari Lālā Lajapatirāy. |
| 260 ## - PUBLICATION, DISTRIBUTION, ETC. | |
| Date of publication, distribution, etc. | [1968] |
| 300 ## - PHYSICAL DESCRIPTION | |
| Extent | iv, ii, 18-209, v p. |
| Dimensions | 23 cm. |
| 500 ## - GENERAL NOTE | |
| General note | In Telugu. |
| 504 ## - BIBLIOGRAPHY, ETC. NOTE | |
| Bibliography, etc. note | Bibliography: p.[iii]-v. |
| 600 20 - SUBJECT ADDED ENTRY--PERSONAL NAME | |
| Personal name | Lajpat Rai, Lala, |
| Dates associated with a name | 1865-1928. |
No items available.